000 01426cam a22003737a 4500
003 CHAP
005 20220329142650.0
008 020828d2002 mx a r 00110 spa d
010 _a86185
011 _a87157
035 _a97699
040 _cCHAP
090 _aTesis
100 0 0 _aSifuentes Favila, Isaac.
_9105890
245 1 0 _aDiagnóstico macroeconómico de la producción lechera en la comarca lagunera durante los años de 1980 a 2000
_c/por Isaac Sifuentes Favila
260 _aBermejillo, Dgo.:
_bEl autor,
_c2002.
300 _a86 h.;
_bilus. ; gráfs.
502 _aTesis (Ing. Agr, en Sistémas Pecuarios de Zonas Áridas) -- UACH.Unidad Regional Universitaria de Zonas Áridas
590 _aALEPH
_b10
_c20130110
_lUCH01
_h1449
590 _aBATCH-UPD
_b10
_c20130110
_lUCH01
_h0612
590 _aBATCH-UPD
_b10
_c20130110
_lUCH01
_h2341
590 _aBATCH-UPD
_b10
_c20130410
_lUCH01
_h0254
590 _aBATCH-UPD
_b10
_c20130914
_lUCH01
_h1012
590 _aCONVERSION
_b10
_c20130109
_lUCH01
_h1348
650 1 4 _aComarca Lagunera
_xGanado cabrío.
_925531
650 1 4 _aComarca Lagunera
_xGanado lechero.
_925532
650 1 4 _aLeche de cabra
_xProducción.
_965427
650 1 4 _aLeche
_xProducción.
_965400
901 _aBK
905 _aMayto Villalobos S.
942 _cFOLL
949 _aTesis
_bBC
_cTES
_d33724000875811
_eTS2
_fc.2
_h39750
_i97699
_si
949 _aTesis
_bBC
_cTES
_d97699123
_eTS1
_h39751
_i97699
_st
999 _c86185
_d86185